00377nam a2200157Ia 4500003000400000005001700004008004100021040000700062041000800069082001300077100002000090245004000110260003700150300000900187650002300196OSt20250822101902.0250729s2004 xx 000 0 und d cAL aeng a613 QURM aQureshi Hasnain aModern teaching of school education aNew DelhibAnmol Publisherc2004 a331p aPhysical Education